[Event "Bundesliga 0102"]
[Site "Deutschland"]
[Date "2001.11.24"]
[Round "3.7"]
[White "Zeller, Frank"]
[Black "Haskamp, Stephan"]
[Result "0-1"]
[WhiteElo "2442"]
[BlackElo "2310"]
[PlyCount "78"]
[EventDate "2001.10.06"]
[EventType "team"]
[EventRounds "15"]
[EventCountry "GER"]
[SourceTitle "Bundesliga 0102"]
[Source "DeepChess"]
[SourceDate "2005.01.01"]
[SourceVersion "1"]
[SourceVersionDate "2005.01.01"]
[SourceQuality "1"]
[WhiteTeam "Stuttgarter SF 1879"]
[BlackTeam "SK Koenig Plauen"]
[WhiteTeamCountry "GER"]
[BlackTeamCountry "GER"]

1. e4 g6 2. d4 d6 3. Be3 Nf6 4. Nc3 a6 5. Qd2 b5 6. f3 Nbd7 7. a4 b4 8. Nce2 c5
9. dxc5 dxc5 10. e5 Nxe5 11. Qxd8+ Kxd8 12. O-O-O+ Ke8 13. Bxc5 b3 14. cxb3
Bh6+ 15. Kb1 Bf5+ 16. Ka2 Bc2 17. Ra1 Rc8 18. Bd4 Nc6 19. Bc3 e5 20. Re1 Nd5
21. Nd4 Ncb4+ 22. Ka1 Kf8 23. Rxe5 Bg7 24. Rxd5 Nxd5 25. Nxc2 Nxc3 26. bxc3
Rxc3 27. Kb1 Rxb3+ 28. Kc1 Bh6+ 29. Kd1 Rb1+ 30. Ke2 Kg7 31. Nh3 Rd8 32. f4 Rb2
33. Kf3 Rxc2 34. Bxa6 Rc3+ 35. Ke2 Ra3 36. Rb1 Rxa4 37. Bb5 Ra2+ 38. Kf3 Ra3+
39. Ke2 Rb8 0-1

[Event "Bundesliga 0102"]
[Site "Deutschland"]
[Date "2001.11.24"]
[Round "3.8"]
[White "Dirr, Ulrich"]
[Black "Bronznik, Valerij"]
[Result "1/2-1/2"]
[WhiteElo "2323"]
[BlackElo "2407"]
[PlyCount "76"]
[EventDate "2001.10.06"]
[EventType "team"]
[EventRounds "15"]
[EventCountry "GER"]
[SourceTitle "Bundesliga 0102"]
[Source "DeepChess"]
[SourceDate "2005.01.01"]
[SourceVersion "1"]
[SourceVersionDate "2005.01.01"]
[SourceQuality "1"]
[WhiteTeam "SK Koenig Plauen"]
[BlackTeam "Stuttgarter SF 1879"]
[WhiteTeamCountry "GER"]
[BlackTeamCountry "GER"]

1. e4 c5 2. Nf3 e6 3. d3 d5 4. Nbd2 Nc6 5. g3 Bd6 6. Bg2 Nge7 7. O-O O-O 8. Nh4
b5 9. f4 f5 10. c3 Rb8 11. Ndf3 Qb6 12. Kh1 d4 13. cxd4 cxd4 14. exf5 Nxf5 15.
Nxf5 Rxf5 16. Ng5 Nd8 17. Bd2 h6 18. Ne4 Bb7 19. Rc1 Be7 20. g4 Rf8 21. g5 hxg5
22. fxg5 Rxf1+ 23. Qxf1 e5 24. Qf3 Qg6 25. Qg3 Nf7 26. Qg4 Nd6 27. Qd7 Nxe4 28.
dxe4 Bxe4 29. Qxe7 Bxg2+ 30. Kxg2 Qe4+ 31. Kg1 Qg4+ 32. Kh1 Qf3+ 33. Kg1 Rf8
34. Qe6+ Kh8 35. Qb3 Qf2+ 36. Kh1 Qxd2 37. Qh3+ Kg8 38. Qe6+ Kh8 1/2-1/2

[Event "Bundesliga 0102"]
[Site "Deutschland"]
[Date "2001.11.25"]
[Round "4.1"]
[White "Haba, Petr"]
[Black "Golubev, Mihail"]
[Result "1-0"]
[WhiteElo "2482"]
[BlackElo "2526"]
[PlyCount "71"]
[EventDate "2001.10.06"]
[EventType "team"]
[EventRounds "15"]
[EventCountry "GER"]
[SourceTitle "Bundesliga 0102"]
[Source "DeepChess"]
[SourceDate "2005.01.01"]
[SourceVersion "1"]
[SourceVersionDate "2005.01.01"]
[SourceQuality "1"]
[WhiteTeam "Erfurter SK"]
[BlackTeam "Stuttgarter SF 1879"]
[WhiteTeamCountry "GER"]
[BlackTeamCountry "GER"]

1. d4 Nf6 2. c4 g6 3. Nc3 Bg7 4. e4 d6 5. f3 O-O 6. Be3 a6 7. Bd3 c6 8. Nge2 b5
9. O-O Nbd7 10. b3 bxc4 11. Bxc4 a5 12. Rc1 Bb7 13. Bd3 Rc8 14. Qd2 c5 15. dxc5
Nxc5 16. Bb5 Qb6 17. Bc4 Qb4 18. Nf4 Rfd8 19. Rfd1 e6 20. Nb5 Qxd2 21. Bxd2 Bh6
22. Nh5 Bxd2 23. Nxf6+ Kg7 24. Rxd2 Kxf6 25. Nxd6 Rd7 26. Bb5 Rxd6 27. Rxd6
Nxe4 28. Rxc8 Nxd6 29. Rc5 Bd5 30. Bc6 Ke5 31. Rxa5 Kd4 32. Bxd5 exd5 33. Kf2
Nb7 34. Ra7 Nd6 35. Ke2 h5 36. Kd2 1-0

[Event "Bundesliga 0102"]
[Site "Deutschland"]
[Date "2001.11.25"]
[Round "4.2"]
[White "Hickl, Joerg"]
[Black "Kuczynski, Robert"]
[Result "1-0"]
[WhiteElo "2600"]
[BlackElo "2470"]
[PlyCount "79"]
[EventDate "2001.10.06"]
[EventType "team"]
[EventRounds "15"]
[EventCountry "GER"]
[SourceTitle "Bundesliga 0102"]
[Source "DeepChess"]
[SourceDate "2005.01.01"]
[SourceVersion "1"]
[SourceVersionDate "2005.01.01"]
[SourceQuality "1"]
[WhiteTeam "Stuttgarter SF 1879"]
[BlackTeam "Erfurter SK"]
[WhiteTeamCountry "GER"]
[BlackTeamCountry "GER"]

1. g3 d5 2. Bg2 c6 3. Nf3 Bg4 4. b3 Nd7 5. Bb2 e6 6. d3 Ngf6 7. O-O Bd6 8. Nbd2
O-O 9. h3 Bh5 10. c4 a5 11. a3 Re8 12. Qc2 Qb6 13. Rfe1 e5 14. e3 Bg6 15. Nh4
Rad8 16. Rac1 Qa7 17. Kh2 Bc5 18. Qb1 Nf8 19. Qc2 N8d7 20. Nxg6 hxg6 21. Red1
d4 22. e4 Qb8 23. Rf1 Qd6 24. Ra1 g5 25. Nf3 g4 26. Nh4 g6 27. Qd2 b6 28. Bc1
Nf8 29. Qb2 b5 30. Bd2 b4 31. a4 Ne6 32. Qc1 Kg7 33. Bh6+ Kh7 34. f3 Ng7 35.
Bd2 gxf3 36. Bxf3 Rf8 37. Bg4 Rde8 38. Qd1 Qd8 39. Nf3 Be7 40. Nxe5 1-0

[Event "Bundesliga 0102"]
[Site "Deutschland"]
[Date "2001.11.25"]
[Round "4.3"]
[White "Paehtz, Thomas Sr"]
[Black "Gabriel, Christian"]
[Result "0-1"]
[WhiteElo "2451"]
[BlackElo "2545"]
[PlyCount "70"]
[EventDate "2001.10.06"]
[EventType "team"]
[EventRounds "15"]
[EventCountry "GER"]
[SourceTitle "Bundesliga 0102"]
[Source "DeepChess"]
[SourceDate "2005.01.01"]
[SourceVersion "1"]
[SourceVersionDate "2005.01.01"]
[SourceQuality "1"]
[WhiteTeam "Erfurter SK"]
[BlackTeam "Stuttgarter SF 1879"]
[WhiteTeamCountry "GER"]
[BlackTeamCountry "GER"]

1. e4 e5 2. Nf3 Nc6 3. Bb5 a6 4. Ba4 Nf6 5. Qe2 b5 6. Bb3 Be7 7. d4 d6 8. c3
Bg4 9. d5 Na5 10. Bc2 c6 11. b4 cxd5 12. bxa5 dxe4 13. Bxe4 d5 14. h3 dxe4 15.
hxg4 exf3 16. Qxf3 e4 17. Qe2 Qd5 18. Be3 b4 19. O-O O-O 20. g5 Ne8 21. cxb4
Bxb4 22. Nd2 Nd6 23. Nb3 Nb5 24. Qg4 Nc3 25. Bd4 Rac8 26. Rae1 Nxa2 27. Re3 Bc3
28. Qxe4 Qxb3 29. Rh3 g6 30. Qh4 h5 31. gxh6 Kh7 32. Rxc3 Nxc3 33. Qf6 Ne2+ 34.
Kh1 Rg8 35. Ba7 Qd3 0-1

[Event "Bundesliga 0102"]
[Site "Deutschland"]
[Date "2001.11.25"]
[Round "4.4"]
[White "Bunzmann, Dimitrij"]
[Black "Fontaine, Robert"]
[Result "1/2-1/2"]
[WhiteElo "2509"]
[BlackElo "2452"]
[PlyCount "58"]
[EventDate "2001.10.06"]
[EventType "team"]
[EventRounds "15"]
[EventCountry "GER"]
[SourceTitle "Bundesliga 0102"]
[Source "DeepChess"]
[SourceDate "2005.01.01"]
[SourceVersion "1"]
[SourceVersionDate "2005.01.01"]
[SourceQuality "1"]
[WhiteTeam "Stuttgarter SF 1879"]
[BlackTeam "Erfurter SK"]
[WhiteTeamCountry "GER"]
[BlackTeamCountry "GER"]

1. d4 d5 2. c4 c6 3. Nc3 Nf6 4. cxd5 cxd5 5. Bf4 Nc6 6. e3 a6 7. Bd3 Bg4 8.
Nge2 e6 9. O-O Bd6 10. f3 Bh5 11. Kh1 Bg6 12. Bg5 Nb4 13. Bb1 Bxb1 14. Rxb1 Be7
15. Qb3 Nh5 16. Bxe7 Qxe7 17. e4 dxe4 18. fxe4 O-O 19. e5 f5 20. exf6 Nxf6 21.
Nf4 Rae8 22. Nxe6 Qxe6 23. Qxb4 Ng4 24. Qb3 Qxb3 25. axb3 Rxf1+ 26. Rxf1 Nf2+
27. Kg1 Nd3 28. d5 Nxb2 29. Rf3 Rd8 1/2-1/2

[Event "Bundesliga 0102"]
[Site "Deutschland"]
[Date "2001.11.25"]
[Round "4.5"]
[White "Mueller, Matthias"]
[Black "Buhmann, Rainer"]
[Result "0-1"]
[WhiteElo "2402"]
[BlackElo "2498"]
[PlyCount "124"]
[EventDate "2001.10.06"]
[EventType "team"]
[EventRounds "15"]
[EventCountry "GER"]
[SourceTitle "Bundesliga 0102"]
[Source "DeepChess"]
[SourceDate "2005.01.01"]
[SourceVersion "1"]
[SourceVersionDate "2005.01.01"]
[SourceQuality "1"]
[WhiteTeam "Erfurter SK"]
[BlackTeam "Stuttgarter SF 1879"]
[WhiteTeamCountry "GER"]
[BlackTeamCountry "GER"]

1. e4 e6 2. d4 d5 3. Nc3 Nc6 4. Nf3 Nf6 5. e5 Ne4 6. Bd3 Bb4 7. Bd2 Nxd2 8.
Qxd2 f6 9. a3 Be7 10. exf6 Bxf6 11. Bb5 Bd7 12. Bxc6 Bxc6 13. O-O O-O 14. Rfe1
Qd6 15. Re2 Rae8 16. Rae1 Re7 17. Ne5 Be8 18. Ng4 Bg6 19. Nxf6+ gxf6 20. Re3 c6
21. Ne2 e5 22. Nf4 Rfe8 23. Nxg6 hxg6 24. h4 Kg7 25. dxe5 Rxe5 26. c4 d4 27.
Rxe5 Rxe5 28. Rxe5 Qxe5 29. Kf1 c5 30. Qe2 Qd6 31. Qe4 Qd7 32. Ke2 Kf7 33. Kd3
a5 34. a4 Kg7 35. b3 Qc7 36. g4 Qf7 37. f4 Qd7 38. h5 gxh5 39. gxh5 Qh3+ 40.
Kd2 Qh2+ 41. Kd3 Qh3+ 42. Kd2 Qg3 43. Ke2 Qg4+ 44. Kd2 Kh6 45. Kc2 Qxh5 46. Kb2
Qh3 47. Qe7 Qc3+ 48. Ka2 d3 49. Qe3 Qc2+ 50. Ka3 Qe2 51. Qg3 Qd1 52. Qh3+ Kg6
53. f5+ Kg5 54. Qe3+ Kxf5 55. Qxc5+ Kg6 56. Qd4 Qe2 57. Qd5 d2 58. Qg8+ Kf5 59.
Qd5+ Kg4 60. Qd7+ f5 61. Qg7+ Kf3 62. Qc3+ Kg2 0-1

[Event "Bundesliga 0102"]
[Site "Deutschland"]
[Date "2001.11.24"]
[Round "4.6"]
[White "Duppel, Matthias"]
[Black "Casper, Thomas"]
[Result "1-0"]
[WhiteElo "2455"]
[BlackElo "2409"]
[PlyCount "65"]
[EventDate "2001.10.06"]
[EventType "team"]
[EventRounds "15"]
[EventCountry "GER"]
[SourceTitle "Bundesliga 0102"]
[Source "DeepChess"]
[SourceDate "2005.01.01"]
[SourceVersion "1"]
[SourceVersionDate "2005.01.01"]
[SourceQuality "1"]
[WhiteTeam "Stuttgarter SF 1879"]
[BlackTeam "Erfurter SK"]
[WhiteTeamCountry "GER"]
[BlackTeamCountry "GER"]

1. d4 Nf6 2. c4 d6 3. Nc3 Nbd7 4. e4 e5 5. Nf3 g6 6. Be2 Bg7 7. O-O O-O 8. Be3
Qe7 9. dxe5 dxe5 10. Nd5 Qd8 11. Qc2 c6 12. Nxf6+ Qxf6 13. c5 Qe7 14. b4 Nf6
15. Rad1 Nh5 16. h3 Nf4 17. Bc4 g5 18. Rd6 g4 19. hxg4 Bxg4 20. Nh2 Bc8 21. Qd2
Kh8 22. Rd1 f5 23. exf5 Bxf5 24. Bxf4 exf4 25. Bd3 Qe5 26. Nf3 Qc3 27. Bxf5
Rxf5 28. Rd8+ Rxd8 29. Qxd8+ Rf8 30. Qe7 Qxb4 31. Rd8 Qb1+ 32. Kh2 Qf5 33. Nh4
1-0

[Event "Bundesliga 0102"]
[Site "Deutschland"]
[Date "2001.11.25"]
[Round "4.7"]
[White "Troyke, Christian"]
[Black "Zeller, Frank"]
[Result "0-1"]
[WhiteElo "2347"]
[BlackElo "2442"]
[PlyCount "94"]
[EventDate "2001.10.06"]
[EventType "team"]
[EventRounds "15"]
[EventCountry "GER"]
[SourceTitle "Bundesliga 0102"]
[Source "DeepChess"]
[SourceDate "2005.01.01"]
[SourceVersion "1"]
[SourceVersionDate "2005.01.01"]
[SourceQuality "1"]
[WhiteTeam "Erfurter SK"]
[BlackTeam "Stuttgarter SF 1879"]
[WhiteTeamCountry "GER"]
[BlackTeamCountry "GER"]

1. g3 Nf6 2. Bg2 c5 3. Nf3 b6 4. O-O Bb7 5. c4 e6 6. Nc3 d6 7. d4 cxd4 8. Qxd4
a6 9. Rd1 Be7 10. b3 Nbd7 11. Bb2 Qc7 12. Ng5 Bxg2 13. Kxg2 O-O 14. Nge4 Rfd8
15. Nxf6+ Nxf6 16. f3 Qb7 17. e4 b5 18. Rac1 Rdc8 19. cxb5 axb5 20. Qd3 d5 21.
exd5 b4 22. Na4 Nxd5 23. Bd4 Bg5 24. Rxc8+ Rxc8 25. Re1 Qd7 26. Qe4 Rc6 27. Bf2
h5 28. Rd1 Qc7 29. Rd4 Nc3 30. Qd3 Nxa2 31. Rd7 Qa5 32. Ra7 Qf5 33. Qxf5 exf5
34. Nc5 Nc1 35. f4 Bf6 36. Kf3 Nxb3 37. Nxb3 Rc3+ 38. Ke2 Rxb3 39. Ra8+ Kh7 40.
Ba7 Kg6 41. Bc5 Rb2+ 42. Kf3 Rb3+ 43. Ke2 Rb2+ 44. Kf3 b3 45. Ra6 Rxh2 46. Rb6
b2 47. Bd4 b1=Q 0-1

[Event "Bundesliga 0102"]
[Site "Deutschland"]
[Date "2001.11.25"]
[Round "4.8"]
[White "Bronznik, Valerij"]
[Black "Voekler, Bernd"]
[Result "1/2-1/2"]
[WhiteElo "2407"]
[BlackElo "2376"]
[PlyCount "159"]
[EventDate "2001.10.06"]
[EventType "team"]
[EventRounds "15"]
[EventCountry "GER"]
[SourceTitle "Bundesliga 0102"]
[Source "DeepChess"]
[SourceDate "2005.01.01"]
[SourceVersion "1"]
[SourceVersionDate "2005.01.01"]
[SourceQuality "1"]
[WhiteTeam "Stuttgarter SF 1879"]
[BlackTeam "Erfurter SK"]
[WhiteTeamCountry "GER"]
[BlackTeamCountry "GER"]

1. d4 Nf6 2. Nf3 g6 3. c4 Bg7 4. Nc3 O-O 5. Bg5 d6 6. e3 c6 7. Be2 a6 8. O-O b5
9. Nd2 Nbd7 10. Bf3 Qb6 11. a3 Bb7 12. b4 c5 13. bxc5 dxc5 14. Bxb7 Qxb7 15.
Rb1 cxd4 16. exd4 Qc7 17. Re1 bxc4 18. Rb4 e6 19. Rxc4 Qa5 20. Bxf6 Nxf6 21.
Qa4 Qxa4 22. Rxa4 Rfc8 23. Nde4 Nd7 24. Ne2 Bf8 25. Rb1 Rc6 26. Rb3 Rb6 27.
Rxb6 Nxb6 28. Ra5 Nc4 29. Ra4 Nb6 30. Ra5 Nc4 31. Ra4 Nxa3 32. N2c3 Rc8 33. g3
Nb5 34. Ne2 Rc2 35. Nf4 Bg7 36. Rxa6 Bxd4 37. Ra8+ Kg7 38. Rb8 Nc3 39. Rb7 Nxe4
40. Nxe6+ Kf6 41. Nxd4 Rxf2 42. Rb3 Ra2 43. Re3 Ng5 44. Re2 Ra4 45. Nc2 h5 46.
Kg2 h4 47. gxh4 Rxh4 48. Kg3 Ra4 49. Ne3 Kg7 50. Nd5 Ne4+ 51. Kf3 f5 52. Rb2
Ng5+ 53. Kg3 Rg4+ 54. Kf2 Rd4 55. Rb7+ Kh6 56. Ne7 Rf4+ 57. Ke3 Re4+ 58. Kf2
Nh3+ 59. Kg2 Nf4+ 60. Kf3 Nd3 61. Nd5 Ne5+ 62. Kg3 Rg4+ 63. Kf2 Rd4 64. Ne7 Kg5
65. Rb6 Rf4+ 66. Kg3 Rg4+ 67. Kf2 Kh5 68. Re6 Nd3+ 69. Kf3 Rg1 70. Rf6 Ne5+ 71.
Kf4 Nd7 72. Re6 Rf1+ 73. Kg3 g5 74. Ng8 g4 75. Rh6+ Kg5 76. h4+ gxh3 77. Rxh3
Ne5 78. Kg2 Ra1 79. Rg3+ Ng4 80. Ne7 1/2-1/2

[Event "Bundesliga 0102"]
[Site "Deutschland"]
[Date "2001.11.25"]
[Round "4.1"]
[White "Piket, Jeroen"]
[Black "Dautov, Rustem"]
[Result "1-0"]
[WhiteElo "2630"]
[BlackElo "2630"]
[PlyCount "103"]
[EventDate "2001.10.06"]
[EventType "team"]
[EventRounds "15"]
[EventCountry "GER"]
[SourceTitle "Bundesliga 0102"]
[Source "DeepChess"]
[SourceDate "2005.01.01"]
[SourceVersion "1"]
[SourceVersionDate "2005.01.01"]
[SourceQuality "1"]
[WhiteTeam "SG 1868 Aljech. Solingen"]
[BlackTeam "Godesberger SK 1929"]
[WhiteTeamCountry "GER"]
[BlackTeamCountry "GER"]

1. d4 d5 2. c4 c6 3. Nf3 Nf6 4. e3 a6 5. Bd3 Bg4 6. Nbd2 Nbd7 7. Qc2 e6 8. b3
Bd6 9. Bb2 Bh5 10. O-O Qb8 11. h3 O-O 12. Rae1 Re8 13. c5 Bc7 14. b4 Bxf3 15.
Nxf3 e5 16. e4 dxe4 17. Bxe4 exd4 18. Bxd4 Nxe4 19. Rxe4 Rxe4 20. Qxe4 Nf8 21.
Re1 Qd8 22. Bc3 Qd7 23. Nd4 Rd8 24. Nf5 f6 25. Qc4+ Kh8 26. Ne7 Ng6 27. Qf7 Ne5
28. Bxe5 Bxe5 29. g4 Qd2 30. Re3 Qd7 31. Kg2 Qe8 32. Qxe8+ Rxe8 33. Nxc6 bxc6
34. f4 Rb8 35. fxe5 Rxb4 36. e6 Rb8 37. Rd3 Kg8 38. Rd6 Kf8 39. Rxc6 Rb2+ 40.
Kf3 Rxa2 41. Rc7 Ra3+ 42. Ke4 Rxh3 43. Rf7+ Ke8 44. Rxg7 Rc3 45. Kd5 Rd3+ 46.
Kc4 Re3 47. c6 Rxe6 48. c7 Rc6+ 49. Kd5 Rc1 50. Kd6 Rd1+ 51. Kc6 Rc1+ 52. Kb7
1-0

[Event "Bundesliga 0102"]
[Site "Deutschland"]
[Date "2001.11.25"]
[Round "4.3"]
[White "Fressinet, Laurent"]
[Black "Kengis, Edvins"]
[Result "1/2-1/2"]
[WhiteElo "2606"]
[BlackElo "2572"]
[PlyCount "63"]
[EventDate "2001.10.06"]
[EventType "team"]
[EventRounds "15"]
[EventCountry "GER"]
[SourceTitle "Bundesliga 0102"]
[Source "DeepChess"]
[SourceDate "2005.01.01"]
[SourceVersion "1"]
[SourceVersionDate "2005.01.01"]
[SourceQuality "1"]
[WhiteTeam "SG 1868 Aljech. Solingen"]
[BlackTeam "Godesberger SK 1929"]
[WhiteTeamCountry "GER"]
[BlackTeamCountry "GER"]

1. e4 c5 2. Nf3 e6 3. d4 cxd4 4. Nxd4 a6 5. Nc3 b5 6. Bd3 Qb6 7. Nb3 Qc7 8. O-O
Nf6 9. Qe2 Bb7 10. f4 b4 11. Nd1 d5 12. exd5 Nxd5 13. f5 e5 14. Ne3 Nd7 15.
Nxd5 Bxd5 16. Be3 Be7 17. c4 Bc6 18. Nd2 Nf6 19. Bg5 O-O-O 20. Rad1 e4 21. Bb1
Rhe8 22. Be3 h5 23. h3 Qe5 24. Nb3 Rxd1 25. Qxd1 Ba4 26. Qd4 Qxd4 27. Nxd4 Bc5
28. b3 Bc6 29. Kf2 Bxd4 30. Bxd4 e3+ 31. Kg1 Be4 32. Re1 1/2-1/2

[Event "Bundesliga 0102"]
[Site "Deutschland"]
[Date "2001.11.25"]
[Round "4.4"]
[White "Kveinys, Aloyzas"]
[Black "Sadler, Matthew"]
[Result "1/2-1/2"]
[WhiteElo "2535"]
[BlackElo "2631"]
[PlyCount "59"]
[EventDate "2001.10.06"]
[EventType "team"]
[EventRounds "15"]
[EventCountry "GER"]
[SourceTitle "Bundesliga 0102"]
[Source "DeepChess"]
[SourceDate "2005.01.01"]
[SourceVersion "1"]
[SourceVersionDate "2005.01.01"]
[SourceQuality "1"]
[WhiteTeam "Godesberger SK 1929"]
[BlackTeam "SG 1868 Aljech. Solingen"]
[WhiteTeamCountry "GER"]
[BlackTeamCountry "GER"]

1. e4 c6 2. Nf3 d5 3. Nc3 h6 4. d4 dxe4 5. Nxe4 Bf5 6. Nc5 Qc7 7. Bc4 e6 8. O-O
b6 9. Nd3 Bd6 10. Qe2 Nf6 11. Re1 Nbd7 12. Nfe5 O-O 13. Bf4 b5 14. Bb3 c5 15.
dxc5 Nxc5 16. Nxc5 Qxc5 17. Rad1 Rad8 18. c3 Bc7 19. h3 Ne4 20. g4 Bxe5 21. Be3
Qc6 22. gxf5 exf5 23. Qh5 Qf6 24. Rxd8 Rxd8 25. Bxa7 Ng5 26. h4 Nh3+ 27. Kf1
Rd7 28. Qf3 Rxa7 29. Qxh3 h5 30. a3 1/2-1/2

[Event "Bundesliga 0102"]
[Site "Deutschland"]
[Date "2001.11.25"]
[Round "4.5"]
[White "Lobron, Eric"]
[Black "Langheinrich, Ferenc"]
[Result "1-0"]
[WhiteElo "2524"]
[BlackElo "2398"]
[PlyCount "74"]
[EventDate "2001.10.06"]
[EventType "team"]
[EventRounds "15"]
[EventCountry "GER"]
[SourceTitle "Bundesliga 0102"]
[Source "DeepChess"]
[SourceDate "2005.01.01"]
[SourceVersion "1"]
[SourceVersionDate "2005.01.01"]
[SourceQuality "1"]
[WhiteTeam "SG 1868 Aljech. Solingen"]
[BlackTeam "Godesberger SK 1929"]
[WhiteTeamCountry "GER"]
[BlackTeamCountry "GER"]

1. d4 Nf6 2. Nf3 g6 3. c4 Bg7 4. Nc3 O-O 5. e4 d6 6. Be2 e5 7. O-O Nc6 8. d5
Ne7 9. b4 Nh5 10. Re1 a5 11. bxa5 c5 12. a4 Nf4 13. Bf1 h6 14. Ra3 g5 15. g3
Nfg6 16. Nd2 f5 17. Nb5 f4 18. Qh5 g4 19. h3 Kf7 20. Be2 f3 21. Bd1 Ng8 22.
hxg4 Nf6 23. Rxf3 Ra6 24. Nb3 Bd7 25. Bxh6 Bxh6 26. Qxh6 Rh8 27. Qg5 Kg7 28.
Rf5 Rh6 29. Bf3 Qe7 30. Kg2 Ra8 31. Qxf6+ Qxf6 32. Rxf6 Kxf6 33. Nxd6 Rh7 34.
Nxc5 Rxa5 35. Ndxb7 Ra7 36. Rb1 Bc8 37. Nd6 Ra8 1-0

[Event "Bundesliga 0102"]
[Site "Deutschland"]
[Date "2001.11.25"]
[Round "4.6"]
[White "Breder, Dennis"]
[Black "Chandler, Murray G"]
[Result "1-0"]
[WhiteElo "2411"]
[BlackElo "2540"]
[PlyCount "73"]
[EventDate "2001.10.06"]
[EventType "team"]
[EventRounds "15"]
[EventCountry "GER"]
[SourceTitle "Bundesliga 0102"]
[Source "DeepChess"]
[SourceDate "2005.01.01"]
[SourceVersion "1"]
[SourceVersionDate "2005.01.01"]
[SourceQuality "1"]
[WhiteTeam "Godesberger SK 1929"]
[BlackTeam "SG 1868 Aljech. Solingen"]
[WhiteTeamCountry "GER"]
[BlackTeamCountry "GER"]

1. e4 c5 2. Nf3 d6 3. d4 cxd4 4. Nxd4 Nf6 5. f3 e5 6. Nb3 Be7 7. c4 O-O 8. Nc3
Nc6 9. Be3 Be6 10. Be2 Rc8 11. Nd5 Nd7 12. O-O Bg5 13. Bf2 b6 14. Nc1 Kh8 15.
Nd3 f5 16. exf5 Bxf5 17. N3b4 Nxb4 18. Nxb4 Nc5 19. Nd5 Qe8 20. Bxc5 Rxc5 21.
b4 Rc8 22. a4 Qg6 23. Ra3 Qh6 24. Qb3 Be6 25. Qd3 Bxd5 26. cxd5 Qh4 27. Rc3 g6
28. Rxc8 Rxc8 29. Qe4 Qxe4 30. fxe4 Kg7 31. Rf3 Bd2 32. Rb3 Bc3 33. Ba6 Bd4+
34. Kf1 Rc2 35. Rf3 Rb2 36. b5 Rc2 37. Bb7 1-0

[Event "Bundesliga 0102"]
[Site "Deutschland"]
[Date "2001.11.25"]
[Round "4.7"]
[White "Naumann, Alexander"]
[Black "Jackelen, Thomas"]
[Result "0-1"]
[WhiteElo "2480"]
[BlackElo "2392"]
[PlyCount "94"]
[EventDate "2001.10.06"]
[EventType "team"]
[EventRounds "15"]
[EventCountry "GER"]
[SourceTitle "Bundesliga 0102"]
[Source "DeepChess"]
[SourceDate "2005.01.01"]
[SourceVersion "1"]
[SourceVersionDate "2005.01.01"]
[SourceQuality "1"]
[WhiteTeam "SG 1868 Aljech. Solingen"]
[BlackTeam "Godesberger SK 1929"]
[WhiteTeamCountry "GER"]
[BlackTeamCountry "GER"]

1. e4 e6 2. d4 d5 3. Nc3 Nf6 4. Bg5 dxe4 5. Nxe4 Be7 6. Bxf6 Bxf6 7. Nf3 Nd7 8.
Qd2 O-O 9. O-O-O Be7 10. Bc4 Nf6 11. Qe2 a6 12. Ne5 b5 13. Nxf6+ Bxf6 14. Qe4
Rb8 15. Bd3 g6 16. h4 Bb7 17. Qf4 Bg7 18. h5 g5 19. Qe3 h6 20. f4 gxf4 21. Qxf4
Rc8 22. Be4 Bxe4 23. Qxe4 c5 24. Nf3 cxd4 25. g4 Rc5 26. Kb1 Qd5 27. Qd3 Rfc8
28. Rh2 Qc4 29. Re2 Qb4 30. Rc1 Rc3 31. Qe4 R3c4 32. Qd3 a5 33. Ne5 Rc3 34. Qe4
Bxe5 35. Qxe5 d3 36. Rf2 Rxc2 37. Rfxc2 dxc2+ 38. Rxc2 Rxc2 39. Kxc2 Qc4+ 40.
Kd2 Qb4+ 41. Kc2 Qc4+ 42. Kd2 Qd5+ 43. Qxd5 exd5 44. Kd3 Kg7 45. Kd4 Kf6 46.
Kc5 b4 47. Kb5 d4 0-1

[Event "Bundesliga 0102"]
[Site "Deutschland"]
[Date "2001.11.25"]
[Round "4.8"]
[White "Seger, Ruediger"]
[Black "Schaefer, Markus"]
[Result "1/2-1/2"]
[WhiteElo "2400"]
[BlackElo "2403"]
[PlyCount "39"]
[EventDate "2001.10.06"]
[EventType "team"]
[EventRounds "15"]
[EventCountry "GER"]
[SourceTitle "Bundesliga 0102"]
[Source "DeepChess"]
[SourceDate "2005.01.01"]
[SourceVersion "1"]
[SourceVersionDate "2005.01.01"]
[SourceQuality "1"]
[WhiteTeam "Godesberger SK 1929"]
[BlackTeam "SG 1868 Aljech. Solingen"]
[WhiteTeamCountry "GER"]
[BlackTeamCountry "GER"]

1. e4 e6 2. d4 d5 3. Nd2 Nf6 4. e5 Nfd7 5. c3 c5 6. Bd3 Nc6 7. Ne2 cxd4 8. cxd4
f6 9. exf6 Nxf6 10. Nf3 Qc7 11. O-O Bd6 12. Bg5 O-O 13. Bh4 Bd7 14. Bg3 Be8 15.
Bxd6 Qxd6 16. Ng3 h6 17. Bb5 Ne7 18. Bxe8 Raxe8 19. Ne5 Nd7 20. Nxd7 1/2-1/2

[Event "Bundesliga 0102"]
[Site "Deutschland"]
[Date "2001.11.25"]
[Round "4.2"]
[White "Pajeken, Wolfgang"]
[Black "Kempinski, Robert"]
[Result "1/2-1/2"]
[WhiteElo "2339"]
[BlackElo "2595"]
[PlyCount "82"]
[EventDate "2001.10.06"]
[EventType "team"]
[EventRounds "15"]
[EventCountry "GER"]
[SourceTitle "Bundesliga 0102"]
[Source "DeepChess"]
[SourceDate "2005.01.01"]
[SourceVersion "1"]
[SourceVersionDate "2005.01.01"]
[SourceQuality "1"]
[WhiteTeam "SC Koenigsspringer 1984 Hamburg"]
[BlackTeam "Hamburger SK 1830 e.V."]
[WhiteTeamCountry "GER"]
[BlackTeamCountry "GER"]

1. Nf3 Nf6 2. c4 g6 3. Nc3 Bg7 4. e4 O-O 5. d4 c6 6. Be2 d5 7. e5 Ne4 8. Nxe4
dxe4 9. Ng5 c5 10. d5 Bxe5 11. Nxe4 Nd7 12. O-O Qc7 13. h3 Nf6 14. Nxf6+ Bxf6
15. Bg4 Rd8 16. Bxc8 Raxc8 17. Qf3 Qa5 18. Rd1 Qa6 19. Qb3 Rd6 20. a3 e6 21.
Rb1 exd5 22. cxd5 Bd4 23. Bf4 Rf6 24. Be3 c4 25. Qb4 Bxe3 26. fxe3 Rd6 27. e4
Re8 28. Re1 Qb6+ 29. Qxb6 Rxb6 30. Rbc1 Rc8 31. b4 Rd6 32. Kf2 f5 33. exf5 Rxd5
34. fxg6 hxg6 35. Re7 Rf5+ 36. Ke3 b5 37. Rxa7 Re8+ 38. Kd4 Rd8+ 39. Ke3 Re8+
40. Kd4 Rd8+ 41. Ke3 Re8+ 1/2-1/2